Southville International School and Colleges
Your cart is empty.
  • Cart
  • Lists
    Public lists Eva Luna New books Lux_list list_1
    Your lists Log in to create your own lists
  • Log in to your account
  • Your cookies
  • Search history
Southville International School and Colleges
  • Advanced search
  • Recent comments
  • Most popular
  • Libraries

Log in to your account

Log in with GOOGLE


If you do not have an external account, but do have a local account, you can still log in:

  1. Home
  2. MARC view: Pediatric nursing care : a concept-based approach
Normal view MARC view ISBD view

Pediatric nursing care : a concept-based approach (Record no. 365269)

[ view plain ]
MARC details
000 -LEADER
fixed length control field 00662nam a22002057a 4500
003 - CONTROL NUMBER IDENTIFIER
control field 0
005 - DATE AND TIME OF LATEST TRANSACTION
control field 20230908123812.0
008 - FIXED-LENGTH DATA ELEMENTS--GENERAL INFORMATION
fixed length control field 230908b xxu||||| |||| 00| 0 eng d
020 ## - INTERNATIONAL STANDARD BOOK NUMBER
International Standard Book Number 978-1-284-26217-9
050 ## - LIBRARY OF CONGRESS CALL NUMBER
Classification number RJ 245
Item number .L55 2024
100 ## - MAIN ENTRY--PERSONAL NAME
Personal name Linnard-Palmer, Luanne
245 ## - TITLE STATEMENT
Title Pediatric nursing care : a concept-based approach
Statement of responsibility, etc Luanne Linnard-Palmer
250 ## - EDITION STATEMENT
Edition statement Second edition
260 ## - PUBLICATION, DISTRIBUTION, ETC. (IMPRINT)
Place of publication, distribution, etc Burlington, MA
Name of publisher, distributor, etc Jones & Bartlett Learning
Date of publication, distribution, etc c2024.
300 ## - PHYSICAL DESCRIPTION
Extent xviii,591 pages :
Other physical details col. ill. ;
Dimensions 28 cm.
500 ## - GENERAL NOTE
General note Pediatric Nursing.
504 ## - BIBLIOGRAPHY, ETC. NOTE
Bibliography, etc Includes bibliographical references and index.
650 ## - SUBJECT ADDED ENTRY--TOPICAL TERM
Topical term or geographic name as entry element Pediatric Nursing.
942 ## - ADDED ENTRY ELEMENTS (KOHA)
Source of classification or shelving scheme Library of Congress Classification
Koha item type Books
Holdings
Withdrawn status Lost status Source of classification or shelving scheme Damaged status Home library Current library Shelving location Date acquired Source of acquisition Sub Shelving location Total Checkouts Full call number Barcode Date last seen Price effective from Koha item type
    Library of Congress Classification   College Library College Library Reserve Section 09/08/2023 Library Fund     RJ 245 .L55 2024 C22980 09/08/2023 09/08/2023 Books

Pediatric nursing care : a concept-based approach

APA

Linnard-Palmer L., . (2024). Pediatric nursing care : a concept-based approach. Burlington, MA: Jones & Bartlett Learning.

Chicago

Linnard-Palmer Luanne, . 2024. Pediatric nursing care : a concept-based approach. Burlington, MA: Jones & Bartlett Learning.

Harvard

Linnard-Palmer L., . (2024). Pediatric nursing care : a concept-based approach. Burlington, MA: Jones & Bartlett Learning.

MLA

Linnard-Palmer Luanne, . Pediatric nursing care : a concept-based approach. Burlington, MA: Jones & Bartlett Learning. 2024.

  • Place hold
  • Print
  • Cite
  • Add to your cart (remove)
  • Save record
    BIBTEX Dublin Core MARCXML MARC (non-Unicode/MARC-8) MARC (Unicode/UTF-8) MARC (Unicode/UTF-8, Standard) MODS (XML) RIS
  • More searches
    Search for this title in:
    Other Libraries (WorldCat) Other Databases (Google Scholar) Online Stores (Bookfinder.com) Open Library (openlibrary.org)

Exporting to Dublin Core...

SOUTHVILLE LIBRARY

Southville International School and Colleges Library

1281 Tropical Ave. Cor. Luxembourg St., BF Homes International, Las Pinas City

Tel. No. 8256374 / 252358 Loc. 117/146

Powered by Koha